Normal view
MARC view
Entry Nombre corporativo
001 - NÚMERO DE CONTROL
- campo de control: 18048
003 - IDENTIFICADOR DE NÚMERO DE CONTROL
- campo de control: OSt
005 - FECHA Y HORA DE LA ÚLTIMA TRANSACCIÓN
- campo de control: 20221005155842.0
008 - ELEMENTOS DE DATO DE LONGITUD-FIJA
- campo de control de longitud fija: 221005|| aca||aabn | a|a d
040 ## - FUENTE DE CATALOGACIÓN
- Centro catalogador/agencia de origen: OSt
- Centro/agencia transcriptor: OSt
110 ## - ENCABEZAMIENTO-NOMBRE DE ENTIDAD CORPORATIVA
- Nombre de entidad corporativa o nombre de jurisdicción como elemento de entrada: <THE> COMMUNITY SOCIAL ACQUIS IN LABOUR LAW IN THE CEECS AND BEYOND.
- Unidad subordinada: Fighting deregulation
- Fecha del congreso o de la firma del tratado: 2002
- Sede del congreso/Lugar de la reunión: Bruselas
670 ## - FUENTE DE DATOS ENCONTRADOS
- Cita de la fuente: Work cat.: (OSt)18003: <THE> COMMUNITY SOCIAL ACQUIS IN LABOUR LAW IN THE CEECS AND BEYOND. Fighting deregulation 2002 Bruselas, <The> community social acquis in labour law in the ceecs and beyond :, 2003